000 01422nac a22005297a 4500
001 BR0707470
003 BR-BrBNA
005 20240105123529.0
008 230509b bl.|||m| |||| 00| 0 por d
040 _aBR-BrBNA
_bpor
_cBiblioteca Nacional de Agricultura
072 _aF01
090 _a0718 BR0707470
100 1 _aNakasu, B.H.
100 1 _aHerter, F.G.
100 1 _aCamelatto, D.
100 1 _aReisser Júnior, C.
100 1 _aFortes, J.F.
100 1 _aCastro, L.A.S. de
100 1 _aRaseira, A.
100 1 _aFreire, C.J. da S.
100 1 _aBasso, C.
100 1 _aFaoro, I.
100 1 _aPetri, J.L.
100 1 _aLeite, G.B.
100 1 _aPereira, J.F.M.
100 1 _aCantillano, R.F.F.
100 1 _aVeríssimo, V.
100 1 _aSimões, F.
110 1 _aEMBRAPA Clima Temperado, Pelotas, RS (Brasil)
245 1 _aA cultura da pêra
260 3 _aBrasília, DF (Brasil):
_bEMBRAPA Informação Tecnológica,
_c2007.
300 _a58 p.
490 _aColeção Plantar (Brazil)
_vno. 58
_x
650 _aPÊRA
650 _aVARIEDADE
650 _aPOLINIZAÇÃO
650 _aSOLO
650 _aCALAGEM
650 _aADUBAÇÃO
650 _aQUEBRA DA DORMÊNCIA
650 _aDOENÇA DE PLANTA
650 _aCLIMA
650 _aCOLHEITA
650 _aCOMERCIALIZAÇÃO
909 _a202312
_bLúcia Elande
_c55
_dLúcia Elande
942 _2AGRIS
_n0
_cMS
999 _c295872
_d295872